000 02314nam a2200325 i 4500
001 000039076
003 DO-SdBNP
005 20260321073643.0
007 ta
008 081126s2012 dr 001 0 spa d
020 _a9789945883572
040 _aDO-SdBNP
_bspa
_cBNPHU
_erda
041 _aspa
082 4 _a972.9
_bB742d 2012
_222
100 1 _a Bosch, Juan,
_d1909-2001
_eautor
_4aut.
_976555
245 1 0 _aDe Cristóbal Colón a Fidel Castro :
_bel Caribe frontera imperial /
_cJuan Bosch.
264 4 _aSanto Domingo :
_bFundación Juan Bosch,
_c©2012.
300 _a924 páginas ;
_c24 cm.
336 _atexto
_btxt
_2rdacontent
337 _asin mediación
_bn
_2rdamedia
338 _avolumen
_bnc
_2rdacarrier
490 0 _aColección Bosch para todos
500 _aIncluye índice onomástico y geográfico.
504 _aBibliografía: p. 875-880
505 0 _tUnas palabras del autor --
_tUna frontera de cinco siglos --
_tEl escenario de la frontera --
_tIndios y españoles en los primeros años de la frontera imperial --
_tLa conquista del Caribe entre 1508 y 1526 --
_tLa conquista entre 1526-1584 --
_tSublevaciones de indios, africanos y españoles en el siglo XVI --
_tLas guerras de España en el siglo XVI --
_tContrabandistas, bucaneros y filibusteros --
_tEl siglo de la desmembración --
_tEl tiempo del espanto --
_tIntermedio europeo --
_tEl Caribe hasta la Paz de Utrecht --
_tLas guerras en el Caribe hasta la Paz de París (1763) --
_tLa revolución Norteamericana y sus resultados en el Caribe --
_tLa revolución francesa y su proyección en el Caribe --
_tEl tiempo de la libertad --
_tNacimiento de la República de Haití --
_tEn los umbrales de la gran conmoción --
_tLa guerra social venezolana --
_tLa independencia de los territorios españoles --
_t1821-1851. Los años de reajuste --
_tLos años de los episodios increíbles (1855-1861) --
_tLas luchas por la independencia de Cuba (1868-1898) --
_tEl siglo del imperio norteamericano --
_tLos años de las balas y de los dólares --
_tFidel Castro o la nueva etapa histórica del Caribe--
_tBibliografía --
_tReseña biográfica de Juan Bosch
_tÍndice onomástico y geográfico --
590 _aInventariado, 2025/ YL
651 4 _aCaribe (Región)
_xHistoria
_987401
910 _aValidado. Control de calidad BNPHU
942 _2ddc
_cLBS1
999 _c38566
_d38566